• 首页
  • 本馆介绍
  • 公告通知
  • 最新文献
  • 馆藏检索
  • 电子资源
  • 读者导购
  • 参考咨询
  • 我的图书馆
  • 登录
  • 详细信息显示
  • 放入我的书架
  • 预约/预借图书
  • 作者相关作品
  • 分类相关作品
  • 丛书相关作品
  • 出版社相关作品

书目信息

  • 表格格式
  • 工作单格式
  • 卡片格式
题名:
父母的戒律
    
 
作者: 郑红峰 编著
分册:  
出版信息: 武汉   华中师范大学出版社  2013
页数: 256页
开本: 24cm
丛书名:
单 册:
中图分类: G780
科图分类:
主题词: 家庭教育
电子资源:
ISBN: 978-7-5622-5886-5
000 00773nam0 2200241 450
001 012001003266
005 20131025144257.0
010    @a978-7-5622-5886-5@dCNY29.80
100    @a20130502d2013 em y0chiy50 ea
101 0  @achi
102    @aCN@b420000
105    @ay z 000yy
106    @ar
200 1  @a父母的戒律@9fu mu de jie lv@dParents' discipline@f郑红峰编著@zeng
210    @a武汉@c华中师范大学出版社@d2013
215    @a256页@d24cm
330    @a本书内容包括叛逆不是罪、走进网恋的背后、离婚时想想孩子、成人与成材、荒唐的“造星”运动、不要忽视媒体的影响等。
510 1  @aParents' discipline@zeng
606 0  @a家庭教育
690    @aG780@v5
701  0 @a郑红峰@9zheng hong feng@4编著
801  0 @aCN@b江苏凤凰@c20191020
905    @b1226477-80@dG780@e1169@f4
    
    父母的戒律=Parents' discipline/郑红峰编著.-武汉:华中师范大学出版社,2013
    256页;24cm
    
    
    ISBN 978-7-5622-5886-5:CNY29.80
    本书内容包括叛逆不是罪、走进网恋的背后、离婚时想想孩子、成人与成材、荒唐的“造星”运动、不要忽视媒体的影响等。
●
相关链接 在E读中查询图书 在五车中查询图书 在当当中查询图书 在豆瓣中查询图书


正题名:父母的戒律     索取号:G780/1169         预约/预借

序号 登录号 条形码 馆藏地/架位号 状态 备注
1 1226477   212264770   第一样本阅览室/ [索取号:G780/1169] 在馆    
2 1226478   212264789   教育系资料室/ [索取号:G780/1169] 在馆    
3 1226479   212264798   教育系资料室/ [索取号:G780/1169] 在馆    
4 1226480   212264805   第四借阅区/ [索取号:G780/1169] 在馆    
唐山师范学院图书馆 欢迎您!
大连网信软件有限公司© 版权所有